000 01349nam0a2200361 4500
001 RU\NLR\bibl\128270
005 20250617103817.0
010 _a5-93455-052-7
_95000
021 _aRU
_b2000-36448
_91686
035 _a(NLR Aleph) 000125664
090 _a716678
_c716678
100 _a20001204d2000 |||y0rusy50 ca
101 0 _arus
102 _aRU
105 _aa |||||||||
200 1 _aСистема сквозного проектирования электронных устройств DesignLab 8.0
_fВ. Д. Разевиг
210 _aМ.
_cСолон-Р
_d2000
215 _a698 с.
_cил.
_d24
320 _aБиблиогр.: с. 692-693
606 0 _aDESIGNLAB 8.0, система автоматизированного проектирования
_92082639
_3RU\NLR\auth\661258666
610 0 _aРадиоэлектронная аппаратура - Проектирование - Математические методы
675 _a621.396.6.001.63:51
_v3
_zrus
686 _a49.43
_2rugasnti
686 _a32.844-02
_2rubbk
686 _aЗ85-02-5-05
700 1 _aРазевиг
_gВсеволод Данилович
_4070
801 0 _aRU
_bRKP
_c20001204
_gPSBO
801 1 _aRU
_bRKP
_c20001204
801 2 _aRU
_bNLR
_c20010213
_grcr
852 _aNLR
_j2000-7/2854
942 _cBOOK
980 _aNB